MARC details
| 000 -LEADER |
| fixed length control field |
02021nam a2200493 i 4500 |
| 001 - CONTROL NUMBER |
| control field |
zcodcb b8650745 |
| 003 - CONTROL NUMBER IDENTIFIER |
| control field |
IMchF |
| 005 - DATE AND TIME OF LATEST TRANSACTION |
| control field |
20241231141501.0 |
| 007 - PHYSICAL DESCRIPTION FIXED FIELD--GENERAL INFORMATION |
| fixed length control field |
t| |
| 008 - FIXED-LENGTH DATA ELEMENTS--GENERAL INFORMATION |
| fixed length control field |
241004s2024 nyua j 000 1 eng |
| 010 ## - LIBRARY OF CONGRESS CONTROL NUMBER |
| LC control number |
2024019747 |
| 020 ## - INTERNATIONAL STANDARD BOOK NUMBER |
| International Standard Book Number |
9780593810002 |
| Qualifying information |
trade |
| 020 ## - INTERNATIONAL STANDARD BOOK NUMBER |
| International Standard Book Number |
9780593809525 |
| Qualifying information |
library binding |
| 020 ## - INTERNATIONAL STANDARD BOOK NUMBER |
| International Standard Book Number |
9780593809549 |
| Qualifying information |
paperback |
| 020 ## - INTERNATIONAL STANDARD BOOK NUMBER |
| International Standard Book Number |
0593810007 |
| 040 ## - CATALOGING SOURCE |
| Original cataloging agency |
DLC |
| Language of cataloging |
eng |
| Description conventions |
rda |
| Transcribing agency |
DLC |
| Modifying agency |
ICrlF |
| 042 ## - AUTHENTICATION CODE |
| Authentication code |
pcc |
| -- |
cyac |
| 092 ## - LOCALLY ASSIGNED DEWEY CALL NUMBER (OCLC) |
| Classification number |
children holiday |
| Item number |
Ahiyya |
| 100 1# - MAIN ENTRY--PERSONAL NAME |
| Personal name |
Ahiyya, Vera, |
| Relator term |
author. |
| Relator code |
aut. |
| 9 (RLIN) |
6453183 |
| 245 10 - TITLE STATEMENT |
| Title |
Getting ready for Valentine's Day / |
| Statement of responsibility, etc |
written by Vera Ahiyya, the Tutu Teacher ; illustrated by Debby Rahmalia. |
| 246 30 - VARYING FORM OF TITLE |
| Title proper/short title |
Valentine's Day. |
| 264 #1 - Production, Publication, Distribution, Manufacture, and Copyright Notice. |
| Place of production, publication, distribution, manufacture |
New York : |
| Name of producer, publisher, distributor, manufacturer |
Random House, |
| Date of production, publication, distribution, manufacture, or copyr |
[2024] |
| 300 ## - PHYSICAL DESCRIPTION |
| Extent |
1 volume (unpaged) : |
| Other physical details |
color illustrations ; |
| Dimensions |
22 cm. |
| 336 ## - Content Type |
| Content type term |
text |
| 336 ## - Content Type |
| Content type term |
still image |
| 337 ## - Media type |
| Media type term |
unmediated |
| 338 ## - Carrier type |
| Carrier type term |
volume |
| 490 1# - SERIES STATEMENT |
| Series statement |
A Random House pictureback book. |
| 520 ## - SUMMARY, ETC. |
| Summary, etc |
Kai's class is busily preparing for Valentine's Day by making friendship cards, but as Kai worries about not receiving any, their teacher helps the whole class learn the true meaning of friendship. |
| 650 #0 - SUBJECT ADDED ENTRY--TOPICAL TERM |
| Topical term or geographic name as entry element |
Schools |
| Form subdivision |
Juvenile fiction. |
| 650 #0 - SUBJECT ADDED ENTRY--TOPICAL TERM |
| Topical term or geographic name as entry element |
Valentine's Day |
| Form subdivision |
Juvenile fiction. |
| 9 (RLIN) |
5674128 |
| 650 #0 - SUBJECT ADDED ENTRY--TOPICAL TERM |
| Topical term or geographic name as entry element |
Valentines |
| Form subdivision |
Juvenile fiction. |
| 9 (RLIN) |
5753709 |
| 650 #0 - SUBJECT ADDED ENTRY--TOPICAL TERM |
| Topical term or geographic name as entry element |
Friendship |
| Form subdivision |
Juvenile fiction. |
| 9 (RLIN) |
5673647 |
| 650 #1 - SUBJECT ADDED ENTRY--TOPICAL TERM |
| Topical term or geographic name as entry element |
Schools |
| Form subdivision |
Fiction. |
| 9 (RLIN) |
5673727 |
| 650 #1 - SUBJECT ADDED ENTRY--TOPICAL TERM |
| Topical term or geographic name as entry element |
Valentine's Day |
| Form subdivision |
Fiction. |
| 9 (RLIN) |
5674131 |
| 650 #1 - SUBJECT ADDED ENTRY--TOPICAL TERM |
| Topical term or geographic name as entry element |
Valentines |
| Form subdivision |
Fiction. |
| 9 (RLIN) |
5686512 |
| 650 #1 - SUBJECT ADDED ENTRY--TOPICAL TERM |
| Topical term or geographic name as entry element |
Friendship |
| Form subdivision |
Fiction. |
| 9 (RLIN) |
5673769 |
| 655 #7 - INDEX TERM--GENRE/FORM |
| Genre/form data or focus term |
School fiction. |
| Source of term |
lcgft. |
| 9 (RLIN) |
6407078 |
| 655 #7 - INDEX TERM--GENRE/FORM |
| Genre/form data or focus term |
Picture books. |
| Source of term |
lcgft. |
| 700 1# - ADDED ENTRY--PERSONAL NAME |
| Personal name |
Rahmalia, Debby, |
| Relator term |
illustrator. |
| 9 (RLIN) |
6476064 |
| 776 08 - ADDITIONAL PHYSICAL FORM ENTRY |
| Display text |
Online version: |
| Main entry heading |
Ahiyya, Vera. |
| Title |
Getting ready for Valentine's Day |
| Place, publisher, and date of publication |
New York : Random House, 2024 |
| International Standard Book Number |
9780593809563 |
| Record control number |
(DLC) 2024019748. |
| 830 #0 - SERIES ADDED ENTRY--UNIFORM TITLE |
| Uniform title |
Random House pictureback book. |
| 9 (RLIN) |
49479 |
| 942 ## - ADDED ENTRY ELEMENTS (KOHA) |
| Source of classification or shelving scheme |
Dewey Decimal Classification |
| Koha item type |
BOOK |